000 03743nab a2200289 i 4500
003 BR-BrBNA
005 20241108090828.0
008 241108b2009 bl.qr|pooa||| 00| 0 eng |
040 _aBR-BrBNA
_beng
072 _aF70
100 _aFonseca-Kruel, Viviane Stern da
100 _aAraujo, Dorothy Sue Dunn de
100 _aSá, Cyl Farney Catarino de
100 _aPeixoto, Ariane Luna
245 _aQuantitative ethnobotany of a restinga forest fragment in Rio de Janeiro, Brazil
500 _aPublicação on-line; Bibliography p. 199-202 (70 ref.); 3 tables; 1 illus.; Summaries (En, Pt)
520 _a ABSTRACT (Quantitative ethnobotany of a restinga forest fragment in Rio de Janeiro, Brazil) An ethnobotanical study was carried out in the local fishing community of Arraial do Cabo Municipality, starting with an inventory of a restinga forest remnant adjacent to the community being studied. Using quantitative ethnobotany methodology allied with ecological parameters (frequency, density, dominance and their relative values, importance value index), we sampled 296 individuals and identified 41 species in 26 families and 36 genera. The highest use value (U.V.) was attributed to Schinus terebinthifolius Raddi. Based on these data we interviewed local fishermen regarding useful species. We used structured interviews and quantitative analysis based on informant consensus. The 22 different types of usage mentioned were placed in five categories: food, medicine, technology, construction and firewood. Selective extraction of wood for construction, firewood and boat repair were the most important use values, involving 46% of the species, 57% of the families and 80% of the individuals. Key words: fishing colony, ecological ethnobotany, vegetation structure, restinga, extractivist reserve
520 _a RESUMO (Etnobotânica quantitativa de um fragmento de floresta de restinga no Rio de Janeiro, Brasil) Um estudo etnobotânico foi feito na comunidade de pescadores artesanais do município de Arraial do Cabo, começando com o inventário de espécies, desenvolvido em um remanescente de floresta de restinga próximo à comunidade estudada. Usando uma metodologia quantitativa em Etnobotânica, aliada a parâmetros ecológicos (freqüência, densidade, dominância e seus valores relativos, e índice de valor de importância), os seguintes resultados foram obtidos: 296 indivíduos foram inventariados e 41 espécies identificadas, distribuídas em 26 famílias e 36 gêneros. O maior valor de uso (V.U.) foi atribuído a Schinus terebinthifolius Raddi. A partir destes dados, foram realizadas entrevistas estruturadas, e análises quantitativas, baseadas no consenso entre os informantes (pescadores locais) para buscar indicação sobre as espécies úteis. Os 22 diferentes tipos de uso mencionados foram distribuídos em cinco categorias: alimentar, medicinal, tecnologia, construção e combustível. Os valores de uso mais expressivos, envolvendo 46% das espécies, 57% das famílias e 80% dos indivíduos, foram relativos à extração seletiva de madeira para construção, lenha e reparo de barcos. Palavras-chave: pescadores artesanais, etnobotânica ecológica, fitossociologia, restinga, reserva extrativista.
650 _aPESCADOR
650 _aETNOBOTÂNICA
650 _aRESTINGA
650 _aRESERVA EXTRATIVISTA
773 0 _0709
_9346098
_dRio de Janeiro-RJ Jardim Botanico do Rio de Janeiro 1935
_o2024-6745
_tRodriguésia (Brazil)
_x0370-6583; 2175-7860 on-line
_gv. 60(1) p. 187-202; (2009)
_wBR2024003341
856 _uhttps://www.scielo.br/j/rod/a/xkSqfY7v9Bt5LbKW49dC7Jw/?format=pdf&lang=en
942 _cANA
999 _c328509
_d328509